| 000 | 00000nam##2200000za#4500 |
| 001 | 9.573359 |
| 003 | CaOODSP |
| 005 | 20250129103332 |
| 007 | cr ||||||||||| |
| 008 | 150406|2005||||xxc|||||o f|0| 0 eng|d |
| 040 | |aCaOODSP|beng |
| 043 | |an-cn--- |
| 086 | 1 |aEn57-41/6-2005E-PDF |
| 110 | 2 |aMeteorological Service of Canada. |
| 245 | 10|aBiometeorology and adaptation : |h[electronic resource]|ban overview / |cby Don MacIver ... [et al]. |
| 260 | |aToronto - Ontario : |bEnvironment Canada. |c2005. |
| 300 | |a28p.|bfig., references, tables |
| 490 | 1 |aOccasional paper|v6 |
| 590 | |a12-12-Supp|b2012-03-28 |
| 720 | 1 |aMacIver, Don |
| 775 | 08|tBiométéorologie et adaptation : |w(CaOODSP)9.606838 |
| 830 | #0|aOccasional paper (Canada. Industry Canada)|v6|w(CaOODSP)9.506650 |
| 856 | 40|ahttp://publications.gc.ca|qPDF|s4.31 MB|uhttps://publications.gc.ca/collections/collection_2012/ec/En57-41-6-2005-eng.pdf|y6 |